| 000 | 00421nam a2200169Ia 4500 | ||
|---|---|---|---|
| 003 | OSt | ||
| 005 | 20230527123359.0 | ||
| 008 | 210423s1984 xx 000 0 und d | ||
| 040 | _cAL | ||
| 082 |
_a921 _223 _bALPM |
||
| 100 |
_aALPHONS (K G). _9115457 |
||
| 245 | _aMalling a difference. | ||
| 260 |
_aBangalore _bCentr for social action _c1984 |
||
| 365 | _cINR | ||
| 906 | _adifference. ; Malling | ||
| 942 |
_2ddc _cBK |
||
| 999 |
_c174411 _d174411 |
||